Understanding economics today

Understanding Economics Today focuses on vital issues pertinent to current and perspective participants in the U.S. and global economy. This popular long-tested text applies basic economic reasoning to build understanding of how our complex commercial society operates. Economic principles, both micr...

Description complète

Enregistré dans:
Détails bibliographiques
Auteur principal: Walton, Gary M.
Format: Livre
Langue:Undetermined
Publié: Boston, MA. Mcgraw-Hill/Irvin 2001
Sujets:
Tags: Ajouter un tag
Pas de tags, Soyez le premier à ajouter un tag!
Thư viện lưu trữ: Trung tâm Học liệu Trường Đại học Cần Thơ
LEADER 01036nam a2200205Ia 4500
001 CTU_112591
008 210402s9999 xx 000 0 und d
020 |c 849000 
082 |a 330 
082 |b W239 
100 |a Walton, Gary M. 
245 0 |a Understanding economics today 
245 0 |c Gary M. Walton, Frank C. Wykoff 
260 |a Boston, MA. 
260 |b Mcgraw-Hill/Irvin 
260 |c 2001 
520 |a Understanding Economics Today focuses on vital issues pertinent to current and perspective participants in the U.S. and global economy. This popular long-tested text applies basic economic reasoning to build understanding of how our complex commercial society operates. Economic principles, both micro and macro, are learned through repeated applications to real world events. The emphasis on the power of economic reasoning, rather than laborious technical jargon, positively motivates both students and teachers. 
650 |a Economics 
904 |i Minh 
980 |a Trung tâm Học liệu Trường Đại học Cần Thơ